| 000 | 00611nam a2200169Ia 4500 | ||
|---|---|---|---|
| 008 | 160114s9999 xx 000 0 und d | ||
| 020 | _a0-439314313 | ||
| 050 | _aFic | ||
| 050 | _b.C237i 2001 | ||
| 100 | _aCole, Joanna | ||
| 245 |
_aInsect invaders / _cwritten by Anne Capeci ; illustrations by John Spiers.] |
||
| 260 |
_aNew York : _bScholastic Inc. _c2001 |
||
| 300 |
_a87 pages; _billustrations ; _c20 cm. |
||
| 440 | _a Magic School Bus science chapter book. | ||
| 440 | _v#3 | ||
| 500 | _a"Based on The Magic School Bus books written by Joanna Cole and illustrated by Bruce Degen"--Title page verso. | ||
| 999 |
_c290381 _d290381 |
||